000 00678nam a2200253Ia 4500
003 OSt
005 20220918194637.0
006 a|||||r|||| 00| 0
007 ta
008 220917b |||||||| |||| 00| 0 eng d
024 _a80,675
037 _cTextual
040 _aARTS
_cARTS
_beng
041 _2eng
_aeng
082 _aS8, M7
100 _aHendrick Clyde ed
_986068
245 0 _aGroup processes and intergroup relations
260 _aLondon
_bSage
_c1987
300 _a256p.
_ccm.
490 _aRevies of personality and social psychology; 9
650 _aPSYCHOLOGY
942 _hS8, M7
_cTEXL
_2CC
999 _c204398
_d204398